LEADER 01284nam a2200277 i 4500 001 000000222355 003 CaOOAMICUS 005 20130911000000.0 008 130911s2011 it u000 u ita u 013 $a201252 040 $aSeMil$bita 245 10$aCastelli e ville :$bdella pianura tra Brescia, Cremona e Bergamo /$cRoberta D'Adda, Fiorenzo Fisogni, Valerio Terraroli, Giusi Villari. 260 $aMilano :$bSkira,$ccopyr. 2011. 300 $a302 p. :$bill. ;$c33 cm. 500 $aContiene : Bibliografia ragionata. - Ai pie' del front : UBI Banco di Brescia. 650 4$aLombardia - Castelli.$0(OLS)http://semarc/subject/1974 650 4$aLombardia - Ville.$0(OLS)http://semarc/subject/4632 700 1 $aD'Adda, Roberta.$0(OLS)http://semarc/name/76952 700 1 $aVillari, Giusi.$0(OLS)http://semarc/name/77677 700 1 $aTerraroli, Valerio.$0(OLS)http://semarc/name/44973 700 1 $aFisogni, Fiorenzo.$0(OLS)http://semarc/name/77676 850 $aSeMil 852 $aSeMil$W1$xVenegono$y1$m4Y VII 118$j172701$B172701$CSeMilBibl$Z2$F183066 $81 961 $aOmaggio: Altro 996 $6245$aCastelli e ville :$bdella pianura tra Brescia, Cremona e Bergamo$9(OLS)http://semarc/title/318680 996 $6260$aMilano :$bSkira$9(OLS)http://semarc/publisher/32219 LEADER 00808nam a2200193 i 4500 001 000000233535 003 CaOOAMICUS 005 20140922000000.0 008 140922s1784 it u000 u mul u 013 $a212438 026 $ae-mo ane- a.er Leco (3) 1784 (R) 040 $aSeMil$bita 245 10$aTomo 5. che contiene i due libri di Samuele o sia il primo, e secondo de' Regi. 300 $aXVIII, [2], 382, [2] p. 500 $aSegn. : *10 A-2A8. 773 0 $tBibbia$dIn Roma : per Filippo Neri : si vende da Michelangelo Barbiellini alla Minerva, 1784-1786.$g5$w()30563 850 $aSeMil 852 $aSeMil$W1$xVenegono$y1$m2Y II 67 FA$j183881$B183881$CSeMilBibl$Z2$F194625 $8I 996 $6245$aTomo 5. che contiene i due libri di Samuele o sia il primo, e secondo de' Regi$9(OLS)http://semarc/title/333255